000 01422nam a2200349 i 4500
001 186738
003 SpMaBN
005 20250901234616.0
008 170210s2013 sp abe |||| | spa d
020 _a978-84-00-09699-1
080 _a656.61(599.17 M.)"15/18"
080 _a339.5(599:460)"15/18"
080 _a339.5(460:599)"15/18"
245 0 3 _aUn océano de seda y plata: el universo económico del Galeón de Manila /
_cSalvador Bernabéu Albert y Carlos Martínez Shaw (eds.).
260 _aSevilla :
_bConsejo Superior de Investigaciones Científicas,
_c2013.
300 _a443 p. :
_bmapas ;
_c24 cm.
490 1 _aUniversos americanos ;
_v12
504 _aReferencias bibliográficas.
610 2 7 _aGaleón de Manila-
_vHistoria.
_9161700
650 4 _aMarina mercante-
_zEspaña
_914791
651 7 _aFilipinas-
_xComercio exterior-
_zEspaña
_2
_9161701
651 7 _aEspaña-
_xComercio exterior-
_zFilipinas.
_9161702
700 1 _aBernabéu Albert, Salvador.
_928162
700 1 _aMartínez Shaw, Carlos.
_978426
710 2 _aConsejo Superior de Investigaciones Científicas (España)
_93236
830 1 _aUniversos americanos ;
_v12
_9225464
852 _aES-MaACL
_jA-14021
_9193795
_bR.151300
_cDEPO1
_dOlim: N-7021
_hDonación: Casa Velázquez
914 _92477
_aCasa de Velázquez
_ednr
942 _2udc
_cMONOGRAFIA
999 _c186738
_d186738